| 000 | 00810nam a22001817a 4500 | ||
|---|---|---|---|
| 005 | 20250403154656.0 | ||
| 010 | _aHIN- 127959 HIN-129587 | ||
| 020 |
_c250.00 _a9788195550685 |
||
| 035 | _aHN-100305 HN-101933 | ||
| 037 | _bDBAD | ||
| 082 | _aक | ||
| 100 |
_aत्रिखा, नीलम _980236 |
||
| 245 |
_aकुटुंब लघुकथाएं/ _c संपादक द्वारा नीलम त्रिखा |
||
| 260 |
_aपुणे _bसंज्योती पब्लिकेशन |
||
| 270 |
_bपुणे _aकृष्णाअरुण निवास, सर्वे नंबर 56/2/2, ममता लाइन नंबर 3, वडगांव शेरी, पुणे _e411014 |
||
| 300 |
_a87p. _c22cm (pb) |
||
| 942 |
_2ddc _cEN _hक _mकुटुंब |
||
| 999 |
_c204046 _d204046 |
||